000 00382nam a2200133Ia 4500
008 100328s9999 xx 000 0 und d
082 _b35062
100 _aमाडखोलकर ग.त्र्यं.
245 _aनवे संसार
260 _bमनोरंजन
630 _aनवे संसार
730 _aनवे संसार
942 _cBOOK
999 _c525062
_d525059